Men's tennis: Top Australian Open Winners (Open Era) - Statistics

General Stats
  • This quiz has been taken 1,102 times
  • The average score is 8 of 13
Answer Stats
Hint Answer % Correct
6 Roger Federer
97%
8 Novak Djokovic
95%
4 Andre Agassi
89%
2 Pete Sampras
86%
2 Ivan Lendl
71%
2 Boris Becker
70%
2 Stefan Edberg
65%
2 Jim Courier
59%
3 Mats Wilander
55%
2 John Newcombe
44%
2 Guillermo Vilas
32%
2 Ken Rosewall
30%
2 Johan Kriek
20%
No matching quizzes found
Score Distribution
Percent of People with Each Score
Percentile by Number Answered
Your Score History
You have not taken this quiz